judicial

La jurisprudencia penal de la Corte de Justicia de Catamarca (Registro nro. 6484)

Detalles MARC
000 -LEADER
fixed length control field 00837nam a22002897a 4500
003 - CONTROL NUMBER IDENTIFIER
control field OSt
005 - DATE AND TIME OF LATEST TRANSACTION
control field 20251014122503.0
007 - PHYSICAL DESCRIPTION FIXED FIELD--GENERAL INFORMATION
fixed length control field ta
008 - FIXED-LENGTH DATA ELEMENTS--GENERAL INFORMATION
fixed length control field 250912s2023 ag ||||| |||| 00| 0 spa d
020 ## - INTERNATIONAL STANDARD BOOK NUMBER
International Standard Book Number 9786319017632
040 ## - CATALOGING SOURCE
Transcribing agency cj catamarca
082 ## - DEWEY DECIMAL CLASSIFICATION NUMBER
Classification number 343.1 M827 II
100 10 - MAIN ENTRY--PERSONAL NAME
9 (RLIN) 269
Personal name Morabito, Rodrigo
245 13 - TITLE STATEMENT
Title La jurisprudencia penal de la Corte de Justicia de Catamarca
250 ## - EDITION STATEMENT
Edition statement 2º ed.
260 ## - PUBLICATION, DISTRIBUTION, ETC.
Place of publication, distribution, etc. Tucuman
Name of publisher, distributor, etc. Bibliotex
Date of publication, distribution, etc. 2023
300 ## - PHYSICAL DESCRIPTION
Extent V.2, 679 p.
Dimensions 23 cm
500 ## - GENERAL NOTE
General note INVENTARIO Nº 8102
650 #7 - SUBJECT ADDED ENTRY--TOPICAL TERM
Source of heading or term SAIJ
653 ## - INDEX TERM--UNCONTROLLED
Uncontrolled term DERECHO PENAL
653 ## - INDEX TERM--UNCONTROLLED
Uncontrolled term CORTE DE JUSTICIA-CATAMARCA
653 ## - INDEX TERM--UNCONTROLLED
Uncontrolled term JURISPRUDENCIA
653 ## - INDEX TERM--UNCONTROLLED
Uncontrolled term JURISPRUDENCIA PENAL
653 ## - INDEX TERM--UNCONTROLLED
Uncontrolled term JURISPRUDENCIA-CATAMARCA
856 ## - ELECTRONIC LOCATION AND ACCESS
Uniform Resource Identifier <a href="https://drive.google.com/file/d/1SEIznTyLZU5uWDyxASjixqvckipnfFyH/view?usp=sharing">https://drive.google.com/file/d/1SEIznTyLZU5uWDyxASjixqvckipnfFyH/view?usp=sharing</a>
942 ## - ADDED ENTRY ELEMENTS (KOHA)
Source of classification or shelving scheme Dewey Decimal Classification
Koha item type Book
Suppress in OPAC No
Existencias
Withdrawn status Lost status Source of classification or shelving scheme Damaged status Not for loan Home library Current library Date acquired Source of acquisition Total Checkouts Full call number Barcode Date last seen Price effective from Koha item type
    Dewey Decimal Classification     PJCB PJCB 09/12/2025 Compra   343.1 M827 II 8102 09/12/2025 09/12/2025 Book
-->
  •  poder judicial

    Con tecnología Koha